000 00703nam a2200229Ia 4500
005 20260601193226.0
008 260601s9999||||xx |||||||||||||| ||und||
020 _a978-981-99-9640-7
_qebk
100 _aYuqing Sun
245 0 _aComputer Supported Cooperative Work and Social Computing
250 _a1st ed. 2024
260 _aHeidelberg, Germany
_bSpringer Nature
_c2024
440 _aCommunications in Computer and Information Science
650 _aComputer Science
700 _aBowen Du
700 _aDongning Liu
700 _aHongfei Fan
700 _aTong Wang
700 _aTun Lu
856 _uhttps://link.springer.com/openurl?genre=book&isbn=978-981-99-9640-7
942 _cEB
_2ddc
999 _c55949
_d55949